Statistics for Barney Theme Song Lyrics

Click here to take the quiz!

General Stats

  • This quiz has been taken 236 times
  • The average score is 11 of 15

Answer Stats

HintAnswer% Correct
Barney is a dinosaur from our _____imagination
94%
They _____ from lots of placescome
84%
And how to be a _____friend
82%
ABC's and _____123's
81%
After school they meet to _____play
79%
_____ can be your friend tooBarney
73%
Barney's _____ are big and smallfriends
73%
He's what we call a _____ sensationdinosaur
72%
If you just make-_____ him!believe
70%
Barney shows us lots of _____things
69%
Whenever we may _____ himneed
68%
And _____ with happy facessing
68%
Like how to play _____pretend
65%
Barney _____ to play with uscomes
62%
And when he's _____tall
59%

Score Distribution

Percentile by Number Answered

Percent of People with Each Score

Your Score History

You have not taken this quiz